000 00987nam a22002777a 4500
003 OSt
005 20250730114141.0
008 250714b |||||||| |||| 00| 0 eng d
020 _a9780128124604 (Hardcover)
020 _a9780128212738 (volume 1)
040 _aNUST
_beng
_cNUST
_dNUST
_erda
050 _aRC802 ENC
245 _a Encyclopedia of gastroenterology, Volume 1 /
_cedited by Ernst J. Kuipers.
250 _aSecond edition.
260 _aLondon :
_bAcademic Press,
_c©2020.
300 _alv, 814 pages :
_bIllustrations ;
_c28 cm.
336 _2rdacontent
_atext
_btxt
337 _2rdamedia
_aunmediated
_bn
338 _2rdamedia
_avolume
_bnc
504 _aIncludes bibliographical references.
650 _vInternal medicine.
650 _vSpecialties of internal medicine.
650 _v Diseases of the digestive system -- Gastroenterology.
700 _aKuipers, Ernst J.
_eEditor
942 _2lcc
_cREF
_eSecond edition.
_hRC802 ENC
_kRC
_mENC
_n0
999 _c172234
_d172234